Fundamentos de transferencia de calor
| Main Authors: | , |
|---|---|
| Format: | Section = Libro |
| Language: | Undetermined Spanish |
| Published: |
México
Prentice Hall
1999
|
| Edition: | 4a.ed |
| Subjects: |
| LEADER | 00767nam a2200277Ia 4500 | ||
|---|---|---|---|
| 008 | 240830s9999 xx 000 0 und d | ||
| 020 | |a 970-17-0170-4 | ||
| 040 | |a CEDOC FIQ-RUSB / 621.4022 I37 | ||
| 041 | |a spa | ||
| 082 | |a 621.4022 I37 | ||
| 100 | 1 | |a Incropera, Frank P. | |
| 100 | 1 | |b De Witt, David P. | |
| 245 | 1 | 0 | |a Fundamentos de transferencia de calor |
| 250 | |a 4a.ed | ||
| 260 | |a México |b Prentice Hall |c 1999 | ||
| 300 | |a 912 p. :il | ||
| 650 | 7 | |a TRANSFERENCIA DE CALOR | |
| 650 | 7 | |b CONDUCCION - ESTADO TRANSITORIO | |
| 650 | 7 | |c CONVENCION | |
| 650 | 7 | |d FLUJO EXTERNO, INTERNO | |
| 650 | 7 | |e INTERCAMBIO DE CALOR | |
| 650 | 7 | |f EBULLICION - CONDENSACION | |
| 650 | 7 | |g TRANSFERENCIA DE MASA | |
| 942 | |c BK |2 ddc | ||
| 991 | |a TEXTO | ||
| 999 | |c 14197 | ||